书目信息 |
| 题名: |
数据与计算机通信
|
|
| 作者: | 斯托林斯 著 ;王海 译 | |
| 分册: | ||
| 出版信息: | 北京 电子工业出版社 2015.09 |
|
| 页数: | 16,612页 | |
| 开本: | 26cm | |
| 丛书名: | ||
| 单 册: | ||
| 中图分类: | TN919 , TP393 | |
| 科图分类: | ||
| 主题词: | 数据通信--教材 , 计算机通信--教材 | |
| 电子资源: | ||
| ISBN: | 978-7-121-24988-4 | |
| 000 | 01215nam0 2200313 450 | |
| 001 | 0400006855 | |
| 005 | 20171113092039.28 | |
| 010 | @a978-7-121-24988-4@dCNY89.00 | |
| 100 | @a20151126d2015 em y0chiy0110 ea | |
| 101 | 1 | @achi@ceng |
| 102 | @aCN@b110000 | |
| 105 | @ay z 000yy | |
| 106 | @ar | |
| 200 | 1 | @a数据与计算机通信@Ashu ju yu ji suan ji tong xin@dData and computer communications@f(美)William Stallings著@g王海[等]译@zeng |
| 205 | @a第5版 | |
| 210 | @a北京@c电子工业出版社@d2015.09 | |
| 215 | @a16,612页@d26cm | |
| 304 | @a译者还有:张娟、周慧、赵红宇 | |
| 305 | @a据原书第10版译出 由Pearson Education(培生教育出版集团)授权出版 | |
| 330 | @a本书内容涉及基本的数据通信原理、各种类型的计算机网络以及多种网络协议和应用、软件定义网络、无线传输技术复杂性分析、4G蜂窝网络、千兆位WiFi、DHCP、PIM、QoS结构框架和标准因特网邮件体系结构等。 | |
| 510 | 1 | @aData and computer communications@zeng |
| 606 | 0 | @a数据通信@j教材 |
| 606 | 0 | @a计算机通信@j教材 |
| 690 | @aTN919@v5 | |
| 690 | @aTP393@v5 | |
| 701 | 1 | @c(美)@a斯托林斯@Asi tuo lin si@bW.@g(Stallings, William)@4著 |
| 702 | 0 | @a王海@Awang hai@c(计算机)@4译 |
| 801 | 0 | @aCN@b上海新华@c20171107 |
| 905 | @b1027501-5@dTN919@e182=5@f5 | |
| 数据与计算机通信=Data and computer communications/(美)William Stallings著/王海[等]译.-第5版.-北京:电子工业出版社,2015.09 |
| 16,612页;26cm |
| ISBN 978-7-121-24988-4:CNY89.00 |
| 本书内容涉及基本的数据通信原理、各种类型的计算机网络以及多种网络协议和应用、软件定义网络、无线传输技术复杂性分析、4G蜂窝网络、千兆位WiFi、DHCP、PIM、QoS结构框架和标准因特网邮件体系结构等。 |
| ● |
| 相关链接 |
|
|
|
|
正题名:数据与计算机通信
索取号:TN919/182=5
 
预约/预借
| 序号 | 登录号 | 条形码 | 馆藏地/架位号 | 状态 | 备注 |
| 1 | 1027501 | 210275012 | 第二样本阅览室/ [索取号:TN919/182=5] | 在馆 | |
| 2 | 1027502 | 210275021 | 第三借阅区/ [索取号:TN919/182=5] | 在馆 | |
| 3 | 1027503 | 210275030 | 第三借阅区/ [索取号:TN919/182=5] | 在馆 | |
| 4 | 1027504 | 210275049 | 第三借阅区/ [索取号:TN919/182=5] | 在馆 | |
| 5 | 1027505 | 210275058 | 密集书库-物理学院/ [索取号:TN919/182=5] | 在馆 |